Un meurtre, une societe : l'assassinat du due d'Orleans 23 novembre 1407
Saved in:
| Main Author: | |
|---|---|
| Format: | Book |
| Language: | French |
| Published: |
Paris :
Gallimard,
1992
|
| Series: | Bibliotheque des histoires
|
| Subjects: | |
| Tags: |
Add Tag
No Tags, Be the first to tag this record!
|
MARC
| LEADER | 00000nam a2200000 i 4500 | ||
|---|---|---|---|
| 001 | 1/2702 | ||
| 008 | 960223s1992 fre d | ||
| 020 | |a 2-07-072577-4 | ||
| 035 | |l 10014956 | ||
| 040 | |a GR-MY-UA |b gre |e aacr | ||
| 041 | 0 | |a fre | |
| 082 | 0 | |a 944.025 | |
| 100 | 1 | |a Guenee, Bernard. | |
| 245 | 1 | 3 | |a Un meurtre, une societe : |b l'assassinat du due d'Orleans 23 novembre 1407 / |c Bernard Guenee |
| 260 | |a Paris : |b Gallimard, |c 1992 | ||
| 300 | |a 350p. | ||
| 490 | 1 | |a Bibliotheque des histoires | |
| 500 | |a Includes notes | ||
| 504 | |a Includes bibliographical references and index | ||
| 651 | 0 | |a France |x History |y 15th century. | |
| 651 | 0 | |a France |x Politics and government |y 1328-1589. | |
| 830 | 0 | |a Bibliotheque des histoires | |
| 852 | |a INST |b LESVOS |e 19960223 |h 944.025 GUE |p 005100007187 |q 005100007187 |t BK |y 0 | ||
| 909 | |a Λ |b 035130 | ||
| 922 | |a 1ΔΩΡ |b 199402 |c ΤΚΑ | ||